LEADER 01110nam0-2200349---450- 001 990009915780403321 005 20141112111518.0 010 $a978-88-498-3833-6 035 $a000991578 035 $aFED01000991578 035 $a(Aleph)000991578FED01 035 $a000991578 100 $a20141112d2013----km-y0itay50------ba 101 0 $aita 102 $aIT 105 $aa-------001yy 200 1 $a<>Cina oggi$euna potenza al bivio tra cooperazione e antagonismo$fGiuseppe Iannini, Giovanni Salvini$gprefazione di Guido Samarani 210 $aSoveria Mannelli$cRubbettino$d2013 215 $aXIV, 203 p.$cill.$d23 cm 225 1 $aForum sulla internazionalizzazione della piccola e media impresa$v4 610 0 $aCina$aSec. 21.$aSaggi 676 $a951.6$v21$zita 700 1$aIannini,$bGiuseppe$f<1947- >$0126680 701 1$aSalvini,$bGiovanni$082386 702 1$aSamarani,$bGuido 801 0$aIT$bUNINA$gREICAT$2UNIMARC 901 $aBK 912 $a990009915780403321 952 $aCollez. 2442 (4)$b51127$fFSPBC 959 $aFSPBC 996 $aCina oggi$9831311 997 $aUNINA LEADER 02124nam 2200493 a 450 001 9910699629403321 005 20110113095703.0 035 $a(CKB)5470000002404645 035 $a(OCoLC)696606965 035 $a(EXLCZ)995470000002404645 100 $a20110113d2010 ua 0 101 0 $aeng 135 $aurcn||||||||| 181 $ctxt$2rdacontent 182 $cc$2rdamedia 183 $acr$2rdacarrier 200 10$aGeology, geochemistry, and geophysics of the Fry Canyon uranium/copper project site, southeastern Utah$b[electronic resource] $eindications of contaminant migration /$fby James K. Otton, Robert A. Zielinski, and Robert J. Horton ; prepared in cooperation with the Bureau of Land Management 210 1$aReston, Va. :$cU.S. Dept. of the Interior, U.S. Geological Survey,$d2010. 215 $a1 online resource (v, 39 pages) $cillustrations (some color), maps (some color) 225 1 $aScientific investigations report ;$v2010-5075 300 $aTitle from title screen (viewed on Jan. 13, 2011). 320 $aIncludes bibliographical references (pages 31-32). 517 $aGeology, geochemistry, and geophysics of the Fry Canyon uranium/copper project site, southeastern Utah 606 $aCopper$xEnvironmental aspects$zUtah$zSan Juan County 606 $aUranium$xEnvironmental aspects$zUtah$zSan Juan County 606 $aGroundwater$xPollution$zUtah$zSan Juan County 606 $aGeochemistry$zUtah$zSan Juan County 606 $aGeophysics$zUtah$zSan Juan County 615 0$aCopper$xEnvironmental aspects 615 0$aUranium$xEnvironmental aspects 615 0$aGroundwater$xPollution 615 0$aGeochemistry 615 0$aGeophysics 700 $aOtton$b James K$01384345 701 $aZielinski$b Robert A$01422156 701 $aHorton$b Robert J$01381350 712 02$aUnited States.$bBureau of Land Management. 712 02$aGeological Survey (U.S.) 801 0$bGPO 801 1$bGPO 906 $aBOOK 912 $a9910699629403321 996 $aGeology, geochemistry, and geophysics of the Fry Canyon uranium$93545567 997 $aUNINA LEADER 04306nam 22006013 450 001 9910309959103321 005 20180914150035.0 010 $a0-472-90112-5 010 $a0-472-12430-7 024 7 $a10.3998/mpub.9946117 035 $a(CKB)4100000007121389 035 $a(MiAaPQ)EBC5566755 035 $a(MiU)10.3998/mpub.9946117 035 $a(OCoLC)1061135733 035 $a(MdBmJHUP)muse71562 035 $a(ScCtBLL)5e70e031-441a-4ed0-a0c4-744ac74f662c 035 $a(oapen)https://directory.doabooks.org/handle/20.500.12854/26978 035 $a(Perlego)2329345 035 $a(ODN)ODN0004370349 035 $a(oapen)doab38834 035 $a(EXLCZ)994100000007121389 100 $a20180912h20182018 uy 0 101 0 $aeng 135 $aurcnu|||||||| 181 $2rdacontent 182 $2rdamedia 183 $2rdacarrier 200 04$aThe many faces of strategic voting $etactical behavior in electoral systems around the world /$fEdited by Laura B. Stephenson, John H. Aldrich, and Andre? Blais 210 1$aAnn Arbor, Michigan :$cUniversity of Michigan Press,$d[2018] 210 4$d{copy}2018 215 $a1 online resource (214 pages) $cillustrations 311 08$a0-472-13102-8 320 $aIncludes bibliographical references. 327 $tStrategic Voting and Political Institutions /$rJohn H. Aldrich, Andre? Blais, and Laura B. Stephenson --$tThe Effect of National and Constituency Expectations on Tactical Voting in the British General Election of 2010 /$rPaul R. Abramson, John H. Aldrich, Abraham Diskin, Aaron M. Houck, Renan Levine, Thomas J. Scotto, and David B. Sparks --$tStrategic Voting in Changing Times: The 2016 Election in Spain /$rIgnacio Lago --$tSupport for Minority Government and Strategic Voting /$rJean-Franc?ois Daoust --$tInformation on Party Strength and Strategic Voting: Evidence of Non-Effects from a Randomized Experiment /$rAndre? Blais, Peter Loewen, Daniel Rubenson, Laura B. Stephenson, and Elisabeth Gidengil --$tExpected Electoral Performance, Candidate Quality, and Voter Strategic Coordination: The Case of Japan /$rCarolina Plescia --$tStrategic Coalition Voting in Belgium: The 2014 Federal and Regional Elections /$rTom Verthe? and Stefanie Beyens --$tVoting Strategically in Two-Vote Elections /$rPhilipp Harfst, Andre? Blais, and Damien Bol --$tStrategic Voting in Multiwinner Elections with Approval Balloting: An Application to the 2011 Regional Government Election in Zurich /$rKarine Van der Straeten, Romain Lachat, and Jean-Franc?ois Laslier --$tSincere Voting, Strategic Voting: A Laboratory Experiment Using Alternative Proportional Systems /$rIsabelle Lebon, Antoinette Baujard, Fre?de?ric Gavrel, Herrade Igersheim, and Jean-Franc?ois Laslier. 330 3 $aVoters do not always choose their preferred candidate on election day. Often they cast their ballots to prevent a particular outcome, as when their own preferred candidate has no hope of winning and they want to prevent another, undesirable candidate's victory; or, they vote to promote a single-party majority in parliamentary systems, when their own candidate is from a party that has no hope of winning. In their thought-provoking book The Many Faces of Strategic Voting, Laura B. Stephenson, John H. Aldrich, and Andre? Blais first provide a conceptual framework for understanding why people vote strategically, and what the differences are between sincere and strategic voting behaviors. Expert contributors then explore the many facets of strategic voting through case studies in Great Britain, Spain, Canada, Japan, Belgium, Germany, Switzerland, and the European Union. 517 3 $aTactical behavior in electoral systems around the world 606 $aVoting research 606 $aVoting$vCase studies 615 0$aVoting research. 615 0$aVoting 676 $a324.9 686 $aPOL000000$aPOL008000$2bisacsh 700 $aAldrich$b John$4edt$0830355 702 $aBlais$b Andre$f1947- 702 $aAldrich$b John H.$f1947- 702 $aStephenson$b Laura Beth$f1976- 712 02$aMichigan Publishing (University of Michigan) 801 0$bMiU 801 1$bMiU 906 $aBOOK 912 $a9910309959103321 996 $aThe many faces of strategic voting$93087118 997 $aUNINA